[Event "Burjassot U2200 op 7th"]
[Site "Burjassot"]
[Date "2019.09.20"]
[Round "2"]
[White "Garcia Lopez, Enrique"]
[Black "Gil Sempere, David"]
[Result "1-0"]
[WhiteElo "1671"]
[BlackElo "1310"]
[PlyCount "104"]
[EventDate "2019.09.06"]
[EventType "swiss"]
[EventRounds "7"]
[EventCountry "ESP"]
[SourceTitle "EXT 2024"]
[Source "ChessBase"]
[SourceDate "2023.10.10"]
[SourceVersion "1"]
[SourceVersionDate "2023.10.10"]
[SourceQuality "1"]

1. e4 Nf6 2. e5 Nd5 3. Bc4 Nb6 4. Bb3 e6 5. d4 d6 6. Nf3 d5 7. 0-0 a5 8. a3 N6d7 9. Nbd2 b6 10. c4 Ba6 11. Re1 c6 12. cxd5 cxd5 13. Nf1 Be7 14. Ne3 Nc6 15. Bd2 Bh4 16. Rc1 Rc8 17. Ba2 0-0 18. b4 Qe7 19. Qb3 Bxf2+ 20. Kxf2 Nxd4 21. Nxd4 Qh4+ 22. g3 Qxd4 23. Bc3 Qe4 24. Bb1 Bd3 25. Bxd3 Qxd3 26. Qc2 Rxc3 27. Qxc3 Qxc3 28. Rxc3 d4 29. Rc7 dxe3+ 30. Rxe3 Nb8 31. b5 h6 32. Rec3 Kh7 33. Ke3 Kg6 34. Rc8 Rxc8 35. Rxc8 Nd7 36. Kd4 Kf5 37. Rc6 g5 38. h3 f6 39. exf6 Kxf6 40. g4 Ke7 41. Rc8 Kf6 42. Rd8 Ke7 43. Rh8 e5+ 44. Ke4 Ke6 45. Rxh6+ Nf6+ 46. Ke3 Ke7 47. Rg6 Nd5+ 48. Ke4 Nf4 49. Rxg5 Nxh3 50. Rxe5+ Kf6 51. Rh5 Ng5+ 52. Rxg5 Kxg5 1-0